The Kingdom of God in 20th-century interpretation / (Record no. 11537)

MARC details
000 -LEADER
fixed length control field 01298nam a2200193 a 4500
003 - CONTROL NUMBER IDENTIFIER
control field PILC
005 - DATE AND TIME OF LATEST TRANSACTION
control field 20250522173044.0
008 - FIXED-LENGTH DATA ELEMENTS--GENERAL INFORMATION
fixed length control field 060728s1987 xx 00 eng d
010 ## - LIBRARY OF CONGRESS CONTROL NUMBER
LC control number Acc#27894
020 ## - INTERNATIONAL STANDARD BOOK NUMBER
International Standard Book Number 0913573825
040 ## - CATALOGING SOURCE
Transcribing agency Philippine Baptist Theological Seminary
050 ## - LIBRARY OF CONGRESS CALL NUMBER
Classification number BT 94
Item number K59 1987
245 10 - TITLE STATEMENT
Title The Kingdom of God in 20th-century interpretation /
Statement of responsibility, etc. edited by Wendell Willis.
264 ## - PRODUCTION, PUBLICATION, DISTRIBUTION, MANUFACTURE, AND COPYRIGHT NOTICE
Place of production, publication, distribution, manufacture Peabody, MA :
Name of producer, publisher, distributor, manufacturer Hendrickson Publishers,
Date of production, publication, distribution, manufacture, or copyright notice ©1987.
300 ## - PHYSICAL DESCRIPTION
Extent xii, 208 p. ; 23 cm.
505 ## - FORMATTED CONTENTS NOTE
Formatted contents note Acknowledgements --<br/>1. The discovery of the eschatological kingdom --<br/>2. Pivotal reactions to the eschatological interpretations --<br/>3. Mediating approaches to the kingdom --<br/>4. Linguistic approaches to the kingdom --<br/>5. The kingdom of God in the Old Testament --<br/>6. The kingdom of God in the Apocrypha and Pseudepigrapha --<br/>7. The kingdom of God in the Qumran literature --<br/>8. The kingdom of God and the historical Jesus --<br/>9. The kingdom of God in the Gospel of Matthew --<br/>10. The kingdom of God in Mark --<br/>11. The kingdom of God in Luke-Acts --<br/>12. The kingdom of God in the school of St. John --<br/>13. The kingdom of God in Paul --<br/>14. The kingdom of God in early Patristic literature
650 ## - SUBJECT ADDED ENTRY--TOPICAL TERM
Topical term or geographic name as entry element KINGDOM OF GOD
General subdivision HISTORY OF DOCTRINES
-- 20TH CENTURY
942 ## - ADDED ENTRY ELEMENTS (KOHA)
Koha item type Circulation Books
Source of classification or shelving scheme Library of Congress Classification
Holdings
Withdrawn status Lost status Source of classification or shelving scheme Damaged status Not for loan Home library Current library Shelving location Date acquired Cost, normal purchase price Total Checkouts Total Renewals Full call number Barcode Date last seen Date last checked out Price effective from Koha item type
    Dewey Decimal Classification     PBTS Library PBTS Library Circulation Section 07/28/2006 5.84 7 2 BT 94 K59 1987 27894 03/17/2026 07/23/2025 04/02/2015 Circulation Books

Philippine Baptist Theological Seminary | 19 Tacay Road, Central Guisad, Baguio City 2600, Philippines